01478nam a22002297a 4500999001700000003000900017008004100026040007100067082002500138245007300163260002700236300004600263440004500309505061800354650003400972650003501006650002901041710005701070942001201127945000801139952010101147 c22138d22138AR-CdUCM190429b ||||| |||| 00| 0 spa d aMUNICIPALIDAD PROVINCIAL DEL CUSCOcBIBLIOTECA MUNICIPAL DEL CUSCO aProcultura/N°1/1994 aRevista Pro cultura /cSociedad Pro-Cultura Clorinda Matto de Turner aCusco.bAndina,c1994. a152 páginas. :bilustraciones ;c21 cm. aRevista Pro cultura.nN°1, 1994.947522 aContenido: La ciudad del Cusco y el etnohistoriador Luis E. Valcárcel. -- Manuel Aparicio Vega. -- Rafael Aguilar Páez. -- Comentario y análisis de la obra Índole de Clorinda Matto de Turner. -- Navidad origen y costumbres. Alicia Mayo de Gonzales. -- Parroquia de Santiago hoy Distrito. Emma Zamalloa. -- Toma de conciencia y la participación femenina en los albores del siglo XXI. -- La mujer tacneña ante el cautiverio peruano en poder de Chile. Luisa Álvarez. -- Historia de la fundación de la hermandad del Señor de Huanca en Cusco. -- El medio ambiente y el hombre. Jorge Flores Ochoa. ... aHistoria institucional947480 aClorinda Matto deTurner947481 aHistoria del Cusco91714 aSociedad Pro Cultura Clorinda Matto de Turner929944 2ddccPP arac 002ddc4070aHEMbHEMcCARTd2022-03-11g5.00oProcultura/N°1/1994pREVC000689r2022-03-11yPP